000 00433nam a22001697a 4500
005 20240902111847.0
008 240831b |||||||| |||| 00| 0 eng d
020 _a2017118033799
041 _aeng
082 _a345.54 BAR
100 _aBARE ACT
245 _aTHE BHARATIYA NAGARIK SURAKSHA SANHITA , 2023 [46 OF 2023]
260 _aDELHI
_bPROFESSIONAL BOOK PUBLISHERS
_c2024
300 _a398;p
650 _aLAW
942 _cBK
999 _c8591
_d8589